000 00640nam a22001817a 4500
008 131114b xxu||||| |||| 00| 0 eng d
020 _a3854284039
041 0 _ager
080 _a339.9
100 1 _aPreßlmayer, Martina
245 1 0 _aDie internationale Kontrahierungspolitik :
_cMartina Preßlmayer
260 _aWien :
_bService Fachverlag ;
_c1999.
300 _a397 f. :
_c24 cm.
500 _aEinleitung : f. 19 - 20
505 _aLiteraturverzeichnis : f. 339 - 357
650 0 _aPolitika ndërkombëtare.
942 _2udc
_cBK
999 _c306
_d306